Here We Go Again - Paramore - Statistics

General Stats
  • This quiz has been taken 9 times
  • The average score is 138 of 269
Answer Stats
Hint Answer % Correct
I
100%
a
83%
again
83%
again)
83%
go
83%
here
83%
we
83%
be
67%
I'm
67%
know
67%
see
67%
that
67%
the
67%
you
67%
your
67%
all
50%
Verse 1 | Verse 2 And
50%
and
50%
Outro (And
50%
been
50%
'cause
50%
have
50%
it
50%
just
50%
let
50%
one
50%
sad
50%
say
50%
so
50%
(so
50%
think
50%
to
50%
(to
50%
who
50%
alright
33%
at
33%
attached
33%
back
33%
back)
33%
breath
33%
can't
33%
did
33%
forget
33%
hip
33%
hold
33%
Chorus I'll
33%
meant
33%
minute
33%
(no
33%
no
33%
not
33%
not)
33%
now
33%
oh
33%
our
33%
regret
33%
said
33%
spent
33%
spent)
33%
swore
33%
take
33%
these
33%
things
33%
times
33%
we'd
33%
well
33%
with
33%
(with
33%
wondering
33%
words
33%
would
33%
write
33%
No matching quizzes found
Score Distribution
Percent of People with Each Score
Percentile by Number Answered
Your Score History
You have not taken this quiz